<?xml version="1.0" encoding="UTF-8"?>
<record
    xmlns:xsi="http://www.w3.org/2001/XMLSchema-instance"
    xsi:schemaLocation="http://www.loc.gov/MARC21/slim http://www.loc.gov/standards/marcxml/schema/MARC21slim.xsd"
    xmlns="http://www.loc.gov/MARC21/slim">

  <leader>00597nam1a22002051i 4500</leader>
  <controlfield tag="001">rc\208741</controlfield>
  <controlfield tag="005">20240723213824.0</controlfield>
  <datafield tag="035" ind1=" " ind2=" ">
    <subfield code="a">(NLR Aleph) 005622312</subfield>
  </datafield>
  <datafield tag="090" ind1=" " ind2=" ">
    <subfield code="a">6505875</subfield>
    <subfield code="c">6505875</subfield>
  </datafield>
  <datafield tag="100" ind1=" " ind2=" ">
    <subfield code="a">20030307g19929999u  |0rusy50      ca</subfield>
  </datafield>
  <datafield tag="101" ind1="0" ind2=" ">
    <subfield code="a">rus</subfield>
  </datafield>
  <datafield tag="102" ind1=" " ind2=" ">
    <subfield code="a">RU</subfield>
  </datafield>
  <datafield tag="105" ind1=" " ind2=" ">
    <subfield code="a">y   |||||||||</subfield>
  </datafield>
  <datafield tag="200" ind1="1" ind2=" ">
    <subfield code="a">&#x427;&#x430;&#x448;&#x430; &#x412;&#x43E;&#x441;&#x442;&#x43E;&#x43A;&#x430;. &#x41F;&#x438;&#x441;&#x44C;&#x43C;&#x430; &#x41C;&#x430;&#x445;&#x430;&#x442;&#x43C;&#x44B;</subfield>
    <subfield code="f">&#x41F;&#x435;&#x440;. &#x418;&#x441;&#x43A;&#x430;&#x43D;&#x434;&#x435;&#x440; &#x425;&#x430;&#x43D;&#x443;&#x43C; (&#x415;.&#x418;. &#x420;&#x435;&#x440;&#x438;&#x445;)</subfield>
  </datafield>
  <datafield tag="210" ind1=" " ind2=" ">
    <subfield code="a">&#x421;&#x41F;&#x431;.</subfield>
    <subfield code="c">&#x424;&#x43E;&#x43D;&#x434; "&#x412;&#x430;&#x445;&#x442;&#x430; &#x41C;&#x438;&#x440;&#x430;"</subfield>
    <subfield code="d">1992-</subfield>
  </datafield>
  <datafield tag="215" ind1=" " ind2=" ">
    <subfield code="d">20</subfield>
  </datafield>
  <datafield tag="801" ind1=" " ind2="0">
    <subfield code="a">RU</subfield>
    <subfield code="b">NLR</subfield>
    <subfield code="g">psbo</subfield>
  </datafield>
  <datafield tag="801" ind1=" " ind2="1">
    <subfield code="a">RU</subfield>
    <subfield code="b">ELAR</subfield>
    <subfield code="2">rusmarc</subfield>
  </datafield>
  <datafield tag="852" ind1=" " ind2=" ">
    <subfield code="a">NLR</subfield>
    <subfield code="j">92-3/7202</subfield>
  </datafield>
  <datafield tag="942" ind1=" " ind2=" ">
    <subfield code="c">BOOK</subfield>
  </datafield>
</record>
